Una felicidad repulsiva / (Registro nro. 35546)
[ vista simple ]
| 000 -CABECERA | |
|---|---|
| Longitud fija campo de control | 00862nam a2200289 a 4500 |
| 003 - • IDENTIFICADOR DELl NÚMERO DE CONTROL | |
| Identificador del número de control | CO-ViMGA |
| 005 - • FECHA Y HORA DE LA ÚLTIMA TRANSACCIÓN | |
| Fecha y hora de la última transacción | 20230915233133.0 |
| 008 - • CÓDIGOS DE INFORMACIÓN DE LONGITUD FIJA | |
| Códigos de información de longitud fija | 160209s2013 ck gr 00010dspa d |
| 020 ## - • NÚMERO INTERNACIONAL NORMALIZADO PARA LIBROS | |
| Número Internacional Normalizado para Libros (ISBN) | 9789504935537 |
| 040 ## - FUENTE DE LA CATALOGACIÓN | |
| Centro catalogador de origen | CO-ViMGA |
| Lengua de catalogación | spa |
| Centro transcriptor | CO-ViMGA |
| 043 ## - CÓDIGO DE ÁREA GEOGRÁFICA | |
| Código de área geográfica | s-ag--- |
| 100 1# - • PUNTO DE ACCESO PRINCIPAL-NOMBRE DE PERSONA | |
| Nombre de persona | Martínez, Guillermo, |
| Fechas asociadas al nombre | 1962- |
| 245 10 - • TITULO PROPIAMENTE DICHO | |
| Título | Una felicidad repulsiva / |
| Mención de responsabilidad, etc. | Guillermo Martínez. |
| 250 ## - • MENCIÓN DE EDICIÓN | |
| Mención de edición | 2a. ed. |
| 300 ## - • DESCRIPCIÓN FÍSICA | |
| Extensión | 216 páginas ; |
| Dimensiones | 23 cm. |
| 500 ## - • NOTA GENERAL | |
| Nota general | Incluye índice. |
| 650 14 - • PUNTO DE ACCESO ADICIONAL DE MATERIA - TÉRMINO DE MATERIA | |
| Término de materia o nombre geográfico como elemento inicial | Cuentos argentinos. |
| 650 14 - • PUNTO DE ACCESO ADICIONAL DE MATERIA - TÉRMINO DE MATERIA | |
| Término de materia o nombre geográfico como elemento inicial | Cuentos de terror. |
| 650 14 - • PUNTO DE ACCESO ADICIONAL DE MATERIA - TÉRMINO DE MATERIA | |
| Término de materia o nombre geográfico como elemento inicial | Cuentos eróticos. |
| 650 14 - • PUNTO DE ACCESO ADICIONAL DE MATERIA - TÉRMINO DE MATERIA | |
| Término de materia o nombre geográfico como elemento inicial | Dios |
| Subdivisión de forma | Cuentos. |
| 650 14 - • PUNTO DE ACCESO ADICIONAL DE MATERIA - TÉRMINO DE MATERIA | |
| Término de materia o nombre geográfico como elemento inicial | Misterio |
| Subdivisión de forma | Cuentos. |
| 650 14 - • PUNTO DE ACCESO ADICIONAL DE MATERIA - TÉRMINO DE MATERIA | |
| Término de materia o nombre geográfico como elemento inicial | Narrativa argentina |
| Subdivisión de forma | Relatos. |
| 942 ## - ENTRADA DE ELEMENTOS AGREGADOS (KOHA) | |
| Fuente de clasificaión o esquema | Dewey Decimal Classification |
| Koha [por defecto] tipo de item | LIbro |
| Perdido | Fuente de clasificación o esquema | Estado Físico | No para préstamo | Forma de adquisición | Localización permanente | Localización actual | Fecha adquisición | Préstamos totales | Signatura completa | Código de barras | Fecha última consulta | Número de copia | Fecha del precio de reemplazo | Tipo de item de Koha | Localización en estanterías | Número de registro |
|---|---|---|---|---|---|---|---|---|---|---|---|---|---|---|---|---|
| Dewey Decimal Classification | Colección General | Biblioteca Pública Cumaral - Alvaro Garzon Torres | Biblioteca Pública Cumaral - Alvaro Garzon Torres | 07/08/2024 | CMAR38u | CUM00873 | 07/08/2024 | Ej.1 | 07/08/2024 | LIbro | Literatura | |||||
| Dewey Decimal Classification | Colección General | Biblioteca Pública Dorado | Biblioteca Pública Dorado | 05/16/2024 | C MAR38u | DOR00853 | 05/16/2024 | Ej.1 | 05/16/2024 | LIbro | Literatura | |||||
| Dewey Decimal Classification | Colección General | Biblioteca Pública Barranca de Upia - María Dolores Herrera | Biblioteca Pública Barranca de Upia - María Dolores Herrera | 09/22/2023 | C MAR38U | BUP00657 | 09/22/2023 | Ej.1 | 09/22/2023 | LIbro | Literatura | |||||
| Dewey Decimal Classification | Sala General Segundo Piso | Biblioteca Pública Germán Arciniegas - Villavicencio | Biblioteca Pública Germán Arciniegas - Villavicencio | 06/22/2016 | C MAR38u | 30138 | 06/22/2016 | Ej. 1 | 06/22/2016 | LIbro | ||||||
| Dewey Decimal Classification | Sala General Segundo Piso | Biblioteca Pública Germán Arciniegas - Villavicencio | Biblioteca Pública Germán Arciniegas - Villavicencio | 07/23/2020 | C MAR38u | 34327 | 07/23/2020 | 07/23/2020 | LIbro | |||||||
| Dewey Decimal Classification | Sala General | Biblioteca Pública Guamal | Biblioteca Pública Guamal | 09/25/2023 | C MAR38u | GUA003719 | 09/25/2023 | Ej.1 | 09/25/2023 | Libro Literatura | Literatura | |||||
| Dewey Decimal Classification | Sala General | Biblioteca Pública Mapiripan | Biblioteca Pública Mapiripan | 01/19/2024 | C MAR38u | MAP00002407 | 01/19/2024 | Ej.1 | 01/19/2024 | LIbro | Literatura | |||||
| Dewey Decimal Classification | Colección General | Biblioteca Pública Uribe - Reinerio Arenas | Biblioteca Pública Uribe - Reinerio Arenas | 12/30/2024 | C MAR38u | URI02059 | 12/30/2024 | Ej.1 | 12/30/2024 | Libro Literatura | Literatura | |||||
| Dewey Decimal Classification | Biblioteca Pública Vistahermosa | Biblioteca Pública Vistahermosa | 04/24/2025 | C MAR38a | VIST 0001853 | 04/24/2025 | Ej.1 | 04/24/2025 | LIbro | C MAR38a |